[Event "Andalucia-chA"]
[Site "Algeciras"]
[Date "2018.05.13"]
[Round "3"]
[White "Gomez Zambrana, Pedro Alfonso"]
[Black "Aguirre Fernandez, Carlos"]
[Result "1-0"]
[WhiteElo "1848"]
[BlackElo "1762"]
[PlyCount "47"]
[EventDate "2018.05.12"]
[EventType "swiss"]
[EventRounds "8"]
[EventCountry "ESP"]
[SourceTitle "EXT 2020"]
[Source "ChessBase"]
[SourceDate "2019.10.17"]
[SourceVersion "1"]
[SourceVersionDate "2019.10.17"]
[SourceQuality "1"]

1. e4 c5 2. Be2 Nc6 3. d3 g6 4. f4 Bg7 5. c3 Rb8 6. a4 a6 7. Nf3 d5 8. 0-0 e6 9. Nbd2 Nge7 10. Kh1 b5 11. Nb3 Qb6 12. a5 Qa7 13. Be3 d4 14. Bg1 e5 15. fxe5 Nxe5 16. cxd4 Nxd3 17. Bxd3 c4 18. Bc2 cxb3 19. Bxb3 Bg4 20. Bxf7+ Kxf7 21. Ng5+ Ke8 22. Qxg4 Qd7 23. Ne6 Rg8 24. Qf4 1-0